| 000 | 02983nas a2200397 i 4500 | ||
|---|---|---|---|
| 001 | 173335 | ||
| 003 | ES-MaACL | ||
| 005 | 20251207124550.0 | ||
| 007 | t| | ||
| 008 | 091126c19201923sp a| | 1 ||pa d | ||
| 080 | _a5:061.12(460) | ||
| 110 | 2 |
_aReal Academia de Ciencias Exactas, Físicas y Naturales de España. _9175635 |
|
| 245 | 1 | 0 |
_aDiscursos leídos ante la Real Academia de Ciencias Exactas, Físicas y Naturales _g1920-1923. |
| 260 |
_aMadrid : _b[s. n.], _c1920 ( _fEstab. Tip. de Fortanet) |
||
| 300 |
_a1 v. ; _c26 cm. |
||
| 505 | 8 | _aContiene: Tomo XI: Fotogrametría terrestre y aérea / José María Torroja y Miret (69 p.). Contestación / Amós Salvador (p. 70-87). Magnitudes estelares / Antonio Vela Herranz (65 p.). Contestación / Luis Octavio de Toledo (p. 67-83). El problema del ultracontinuo / Julio Rey Pastor (34 p.). Contestación / Augusto Krahe (p. 35-48). Importancia y utilidad de los estudios entomológicos / Ricardo García Mercet (47 p.). Contestación / Ignacio Bolívar (p. 49-70). Rasgos fundamentales de la constitución e historia geológica del solar ibérico / Eduardo Hernández y Estevan (76 p.). Contestación / Joaquín María Castellarnau (p. 77-94). Discurso leído en la solemne sesión celebrada bajo la presidencia de S. M. el rey D. Alfonso XIII para hacer entrega de la medalla Echegaray a D. Santiago Ramón y Cajal / Ignacio Bolívar, Santiago Ramón y Cajal, Amós Salvador (XLIX, 110 p.+ 2 h. de lám.). ¿Pueden explicarse químicamente los fenómenos esenciales de la vida? / Joaquín María Castellarnau (46 p.). Discursos en la sesión celebrada para hacer entrega del diploma de Académico Correspondiente al profesor Alberto Einstein / Blas Cabrera, A. Einstein, José Rodríguez Carracido, Joaquín Salvatella (38 p.). Historia del microscopio / Domingo de Orueta (139 p.). Contestación / Daniel de Cortázar (p. 141-156). | |
| 700 | 1 |
_aRodríguez Carracido, José, _d1856-1928 _998407 |
|
| 700 | 1 |
_aCastellarnau, Joaquín María de, _d1848-1943 _9143533 |
|
| 700 | 1 |
_aOctavio de Toledo y Zulueta, Luis, _d1857-1934 _986510 |
|
| 700 | 1 |
_aSalvador y Rodrigáñez, Amós, _d1845-1922 _9102102 |
|
| 700 | 1 |
_aTorroja y Miret, José María, _d1884-1954 _9151755 |
|
| 700 | 1 |
_aVela y Herranz, Antonio. _9113696 |
|
| 700 | 1 |
_aRey Pastor, Julio, _d1888-1962 _996535 |
|
| 700 | 1 |
_aKrahe, Augusto. _9141626 |
|
| 700 | 1 |
_aGarcía Mercet, Ricardo. _954947 |
|
| 700 | 1 |
_aBolívar, Ignacio, _d1850-1944 _929963 |
|
| 700 | 1 |
_aHernández y Estevan, Eduardo. _9141627 |
|
| 700 | 1 |
_aRamón y Cajal, Santiago, _d1852-1934 _9226468 |
|
| 700 | 1 |
_aCabrera, Blas, _d1878-1945 _933279 |
|
| 700 | 1 |
_aEinstein, Albert, _d1879-1955 _946838 |
|
| 700 | 1 |
_aSalvatella, Joaquín. _9141628 |
|
| 700 | 1 |
_aOrueta y Duarte, Domingo de, _d1862-1926 _987696 |
|
| 700 | 1 |
_aCortázar y Larrubia, Daniel de. _940829 |
|
| 852 |
_aES-MaACL _jK-213 _z-Dedicatoria autógrafa de Joaquín María Castellarnau |
||
| 999 |
_c173335 _d173335 |
||